| 000 | 01275cam a2200337 a 4500 | ||
|---|---|---|---|
| 001 | 14961503 | ||
| 003 | OSt | ||
| 005 | 20140310182432.0 | ||
| 008 | 070810s2008 maua 001 0 eng | ||
| 010 | _a 2007032445 | ||
| 020 | _a9780071278478 | ||
| 040 |
_aDLC _cDLC _dDLC |
||
| 050 | 0 | 0 |
_aHD 30.4 _b.C776 2008 |
| 100 | 1 |
_aCooper, Donald R. _97470 |
|
| 245 | 1 | 0 |
_aBusiness research methods _cDonald R. Cooper, Pamela S. Schindler. |
| 250 | _a10th ed. | ||
| 260 |
_aBoston : _bMcGraw-Hill Irwin, _cc2008. |
||
| 300 |
_axxii, 746 p. : _bill. ; _c29 cm. + _e1 videodisc (DVD : sd., col. ; 4 3/4 in.) |
||
| 490 | 0 | _aThe McGraw-Hill/Irwin series. Operations and decision sciences | |
| 500 | _aIncludes index. | ||
| 521 | _aCollege Students | ||
| 526 | _c1210L to 1700L | ||
| 541 | _j1 | ||
| 562 | _eFor Circulation. 1 Copy Available in the Collection | ||
| 650 | 0 |
_aIndustrial management _xResearch. _97473 |
|
| 700 | 1 |
_aSchindler, Pamela S. _97472 |
|
| 856 | 4 | 1 |
_3Table of contents only _uhttp://www.loc.gov/catdir/toc/ecip0724/2007032445.html |
| 906 |
_a7 _bcbc _corignew _d1 _eecip _f20 _gy-gencatlg |
||
| 942 |
_2lcc _cBK _kSL-GEd |
||
| 999 |
_c13384 _d13384 |
||